| 000 | 00519nam a2200169 i 4500 | ||
|---|---|---|---|
| 001 | 23416 | ||
| 003 | ES-MaACL | ||
| 005 | 20250810063022.0 | ||
| 007 | t| | ||
| 008 | 021210s1941 sp ||||1| spa d | ||
| 100 | 1 |
_aÁlvarez-Gendín, Sabino, _d1895-1983 _920820 |
|
| 245 | 1 | 0 |
_aManual de Derecho Administrativo / _cpor Sabino Alvarez-Gendín. |
| 260 |
_aZaragoza : _b[s.n., _c1941] ( _fImp. Madrid-Aragón) |
||
| 300 |
_a383 p. ; _c23 cm. |
||
| 852 |
_aES-MaACL _jF-15255 _bR.18931 |
||
| 999 |
_c23416 _d23416 |
||